000 00693cab a2200241 4500
001 ABS56569
008 090401t1997 xxu||||| |||| 00| 0 eng d
035 _a(Sirsi) u24593
041 _aeng
100 _aCarpenter, A.
245 _aCut and thrust
260 _c1997
350 _a0
490 _aProperty Week
_v58(7) 21 February 1997, 28-30(3)
520 _aReports on the rapid growth of the discount supermarket sector. Case studies of Lidl and Netto.
650 _aDISCOUNT STORES
650 _aPROPERTY REQUIREMENTS
650 _aRETAIL PROPERTY
650 _aSUPERMARKETS
690 _aPROPERTY-COMMERCIAL PROPERTY-RETAIL PROPERTY
942 _n0
948 _c04/03/1997
999 _c16498
_d16498